Empowerment technologies (Record no. 89176)

MARC details
000 -LEADER
fixed length control field 00588nam a22001937a 4500
003 - CONTROL NUMBER IDENTIFIER
control field URS
005 - DATE AND TIME OF LATEST TRANSACTION
control field 20260224103439.0
008 - FIXED-LENGTH DATA ELEMENTS--GENERAL INFORMATION
fixed length control field 260128s2023 ph a|||| |||| 00| 0 eng d
020 ## - INTERNATIONAL STANDARD BOOK NUMBER
International Standard Book Number 9786214271665
040 ## - CATALOGING SOURCE
Language of cataloging eng
Transcribing agency urs
Modifying agency rda
050 ## - LIBRARY OF CONGRESS CALL NUMBER
Classification number QA 76.9
Item number .P772 2023
100 ## - MAIN ENTRY--PERSONAL NAME
Relator code author
Personal name Pomperada, Jake R.
245 ## - TITLE STATEMENT
Title Empowerment technologies
Statement of responsibility, etc Jake R. Pomperada, Jason V. Castellano
264 ## - PUBLICATION, DISTRIBUTION, ETC. (IMPRINT)
Place of publication, distribution, etc Intramuros, Manila:
Name of publisher, distributor, etc Unlimited Books;
Date of publication, distribution, etc [2023]
300 ## - PHYSICAL DESCRIPTION
Extent xii, 165 pages:
Other physical details illustrations;
Dimensions 25 cm.
650 ## - SUBJECT ADDED ENTRY--TOPICAL TERM
Topical term or geographic name as entry element Technologies
700 ## - ADDED ENTRY--PERSONAL NAME
Relator code author
Personal name Castellano, Jason V.
942 ## - ADDED ENTRY ELEMENTS (KOHA)
Source of classification or shelving scheme Library of Congress Classification
Koha item type Filipiniana
Holdings
Withdrawn status Lost status Source of classification or shelving scheme Damaged status Not for loan Collection code Home library Current library Shelving location Date acquired Source of acquisition Total Checkouts Full call number Barcode Date last seen Price effective from Koha item type
    Library of Congress Classification     Non-fiction Cainta College Library Cainta College Library Filipiniana Section 01/28/2026 Purchased   QA 76.9 .P772 2023 URSCAI-5565 01/28/2026 01/28/2026 Filipiniana
    Library of Congress Classification     Non-fiction Cainta College Library Cainta College Library Filipiniana Section 01/28/2026 Purchased   QA 76.9 .P772 2023 URSCAI-5566 01/28/2026 01/28/2026 Filipiniana

University of Rizal System
Email us at univlibservices@urs.edu.ph

Visit our Website www.urs.edu.ph/library